Leadership in the office (Record no. 30372)

MARC details
000 -LEADER
fixed length control field 00269nam a2200109Ia 4500
082 ## - DEWEY DECIMAL CLASSIFICATION NUMBER
Classification number 651
Item number FIN
245 #0 - TITLE STATEMENT
Title Leadership in the office
260 ## - PUBLICATION, DISTRIBUTION, ETC. (IMPRINT)
Place of publication Bombay
Name of publisher Taraporevala
Year of publication 1977
700 ## - ADDED ENTRY--PERSONAL NAME
Personal name Finley, Robert E
942 ## - ADDED ENTRY ELEMENTS (KOHA)
Koha item type Books
Holdings
Withdrawn status Lost status Damaged status Not for loan Home library Current library Date acquired Cost, normal purchase price Full call number Accession Number Koha item type
        RRII Library RRII Library 16/12/2021 38.00 651 FIN 10944 Books